Guia de serveis de la Diputació de Barcelona
Descripción Física:
195 p. ; 22 cm
MARC
| LEADER | 00000nam a2200000Ia 4500 | ||
|---|---|---|---|
| 001 | 2176 | ||
| 008 | 160829s1986 xx 000 0 cat d | ||
| 080 | |a M-3-244 | ||
| 110 | 1 | |a Barcelona (Catalunya : Província). |b Diputació |9 52408 | |
| 245 | |a Guia de serveis de la Diputació de Barcelona | ||
| 260 | |a [Barcelona] : |b la Diputació, |c 1986 | ||
| 300 | |a 195 p. ; |c 22 cm | ||
| 590 | |a Hi ha un duplicat a: DUP-309 | ||
| 650 | |a Barcelona. Diputació |x Guies |9 32382 | ||
| 650 | |a Serveis públics |x Barcelona (Província) |x Guies |9 30565 | ||
| 901 | |a Arxiu | ||
| 942 | |n 1 | ||
| 952 | |0 0 |1 0 |4 0 |6 M3244 |7 1 |9 45437 |a Arxiu |b Arxiu |d 2016-12-01 |l 0 |o M-3-244 |p 2176 |r 2016-12-01 00:00:00 |w 2016-12-01 |y ARXIU | ||
| 999 | |c 48602 |d 48602 | ||